[Event "Tradewise Gibraltar AmatWk2"]
[Site "Gibraltar"]
[Date "2016.02.03"]
[Round "5.16"]
[White "Yarur Elsaca, Daniel"]
[Black "Guardia Bencomo, Tomas"]
[Result "0-1"]
[WhiteElo "1559"]
[BlackElo "1863"]
[PlyCount "80"]
[EventDate "2016.01.30"]
[EventType "swiss"]
[EventRounds "5"]
[EventCountry "GGB"]
[SourceTitle "BritBase"]
[Source "www.saund.co.uk"]
[SourceDate "2018.02.10"]
[SourceVersion "1"]
[SourceVersionDate "2018.02.10"]
[SourceQuality "1"]

1. e4 c6 2. d4 d5 3. e5 c5 4. c3 Nc6 5. Nf3 Bg4 6. Bb5 e6 7. Bxc6+ bxc6 8. O-O
Qb6 9. Nbd2 cxd4 10. cxd4 Ne7 11. h3 Bxf3 12. Nxf3 Nf5 13. g4 Nh6 14. Bxh6 gxh6
15. Qb3 Qxb3 16. axb3 a5 17. Rfc1 Kd7 18. Ne1 Rg8 19. Kh2 h5 20. gxh5 Rg5 21.
Nd3 Rxh5 22. Rg1 f6 23. b4 fxe5 24. Nxe5+ Kc7 25. bxa5 Rf5 26. f3 Bh6 27. Kh1
Kb7 28. b4 Rh5 29. Kh2 Be3 30. Rgd1 Rg8 31. Ng4 Rf5 32. Rd3 Bf4+ 33. Kh1 h5 34.
Ne5 Rg3 35. a6+ Ka8 36. Rc1 Rfg5 37. Ng4 Rxh3+ 38. Kg1 hxg4 39. Rxc6 gxf3+ 40.
Kf2 Rg2+ 0-1

[Event "Tradewise Gibraltar AmatWk2"]
[Site "Gibraltar"]
[Date "2016.02.03"]
[Round "5.20"]
[White "Busch, Guenther"]
[Black "Chidi, Lovinia Sylvia"]
[Result "1/2-1/2"]
[WhiteElo "1561"]
[BlackElo "1780"]
[PlyCount "84"]
[EventDate "2016.01.30"]
[EventType "swiss"]
[EventRounds "5"]
[EventCountry "GGB"]
[SourceTitle "BritBase"]
[Source "www.saund.co.uk"]
[SourceDate "2018.02.10"]
[SourceVersion "1"]
[SourceVersionDate "2018.02.10"]
[SourceQuality "1"]

1. Nf3 Nf6 2. c4 g6 3. b3 Bg7 4. Bb2 c5 5. e3 O-O 6. g3 d6 7. Bg2 Nbd7 8. O-O
Qc7 9. d3 Rb8 10. Qc2 b6 11. Nc3 a6 12. Rab1 e6 13. e4 Bb7 14. Rbe1 Ng4 15. Nd1
Nge5 16. Nxe5 Nxe5 17. f4 Nc6 18. Bxg7 Kxg7 19. Nc3 Nd4 20. Qb2 e5 21. Ne2 f6
22. Nxd4 exd4 23. Qf2 Rbe8 24. Re2 Re7 25. Rfe1 Rfe8 26. Bf3 h6 27. f5 g5 28.
Qg2 Re5 29. Qh3 Bc6 30. Qh5 Kf8 31. Qxh6+ Qg7 32. Qxg7+ Kxg7 33. g4 R5e7 34.
Kg2 b5 35. Rb2 Kf8 36. Kg3 Rh7 37. Rh1 Rh4 38. h3 Re7 39. Rd1 Rhh7 40. Bg2 Ke8
41. Rdb1 Kd7 42. a4 b4 1/2-1/2

[Event "Tradewise Gibraltar AmatWk2"]
[Site "Gibraltar"]
[Date "2016.02.03"]
[Round "5.24"]
[White "Zitan, Abdelhay"]
[Black "Galinskyi, Mykhalo"]
[Result "1-0"]
[WhiteElo "1635"]
[BlackElo "1514"]
[PlyCount "65"]
[EventDate "2016.01.30"]
[EventType "swiss"]
[EventRounds "5"]
[EventCountry "GGB"]
[SourceTitle "BritBase"]
[Source "www.saund.co.uk"]
[SourceDate "2018.02.10"]
[SourceVersion "1"]
[SourceVersionDate "2018.02.10"]
[SourceQuality "1"]

1. e4 d5 2. exd5 Qxd5 3. Nc3 Qd6 4. Nf3 a6 5. d4 Bg4 6. Be2 Nf6 7. h3 Bh5 8.
O-O e6 9. Be3 Be7 10. Qd2 Nc6 11. Rad1 O-O 12. Bf4 Qd7 13. Ne5 Nxe5 14. dxe5
Bxe2 15. Qxd7 Nxd7 16. Nxe2 Rac8 17. Rxd7 Bc5 18. Bg5 h6 19. Bh4 g5 20. Bg3
Rfd8 21. Rfd1 Re8 22. Nc3 b5 23. Ne4 Be7 24. f4 Kg7 25. fxg5 hxg5 26. Rf1 Red8
27. Rxe7 Rd4 28. Nd6 cxd6 29. Rfxf7+ Kg8 30. exd6 Rd2 31. Rg7+ Kh8 32. Rxg5 Rf8
33. Be5+ 1-0

[Event "Tradewise Gibraltar AmatWk2"]
[Site "Gibraltar"]
[Date "2016.02.03"]
[Round "5.27"]
[White "Juanes Paniagua, Alberto"]
[Black "Vander Voort, Patrick"]
[Result "1-0"]
[WhiteElo "1308"]
[BlackElo "1576"]
[PlyCount "69"]
[EventDate "2016.01.30"]
[EventType "swiss"]
[EventRounds "5"]
[EventCountry "GGB"]
[SourceTitle "BritBase"]
[Source "www.saund.co.uk"]
[SourceDate "2018.02.10"]
[SourceVersion "1"]
[SourceVersionDate "2018.02.10"]
[SourceQuality "1"]

1. d4 d5 2. c4 c6 3. Nf3 Nf6 4. Qc2 g6 5. g3 Bg7 6. Bg2 O-O 7. O-O Bg4 8. Ne5
Bf5 9. Qb3 b6 10. Nc3 e6 11. Re1 Nfd7 12. Bf4 Nxe5 13. Bxe5 Bxe5 14. dxe5 Qc7
15. f4 h5 16. cxd5 exd5 17. Rac1 d4 18. Nb5 Qd7 19. Nd6 Be6 20. Qa4 Bd5 21.
Bxd5 cxd5 22. Qxd4 Nc6 23. Qxd5 Ne7 24. Qb7 Qxb7 25. Nxb7 Rab8 26. Nd6 Nc8 27.
Rc7 Nxd6 28. exd6 Rbd8 29. Rd1 Rfe8 30. Kf2 Kg7 31. Kf3 Re6 32. d7 Re7 33. Rxa7
Kf6 34. Rb7 b5 35. e4 1-0

[Event "Tradewise Gibraltar AmatWk2"]
[Site "Gibraltar"]
[Date "2016.02.03"]
[Round "5.29"]
[White "Flanagan, Samuel"]
[Black "Chadwick, Susan E"]
[Result "1-0"]
[WhiteElo "1783"]
[BlackElo "1430"]
[PlyCount "25"]
[EventDate "2016.01.30"]
[EventType "swiss"]
[EventRounds "5"]
[EventCountry "GGB"]
[SourceTitle "BritBase"]
[Source "www.saund.co.uk"]
[SourceDate "2018.02.10"]
[SourceVersion "1"]
[SourceVersionDate "2018.02.10"]
[SourceQuality "1"]

1. e4 c5 2. Nf3 d6 3. d4 cxd4 4. Nxd4 Nf6 5. Nc3 a6 6. Be3 g6 7. f3 Bg7 8. Qd2
Nc6 9. O-O-O Nxd4 10. Bxd4 Bd7 11. Nd5 O-O 12. Bb6 Qc8 13. Nxe7+ 1-0